000
00319nam a22001337a 4500
008
180903b xxu||||| |||| 00| 0 eng d
020
_a
0891187812
041
_a
eng
080
_a
574
100
_a
9
101
_a
MJE
245
_a
Utilization, Treatment, and Disposal of Waste of Land
_c
Brown, K.W
942
_2
udc
_c
BK
999
_c
47482
_d
47482